Data transmission /

Guardado en:
Autor Principal: Bacon, Michael David.
Otros Autores: Bull, Gordon M.
Formato: Libro
Idioma:English
Publicado: London : New York : Macdonald ; American Elsevier, 1973.
Series:Computer monographs, 20
Materias:
Etiquetas: Agregar Etiqueta
Sin Etiquetas, Sea el primero en etiquetar este registro!
LEADER 00714nam a2200217 a 4500
001 MAT.inmabb005740
008 740715s1973####enka#####b####001#0#eng##
005 20170425164142.0
245 1 0 |a Data transmission /  |c [by] M. D. Bacon and G. M. Bull. 
260 |a London :  |b Macdonald ;  |a New York :  |b American Elsevier,  |c 1973. 
300 |a [9], 135 p. :  |b il. ;  |c 23 cm. 
490 0 |a Computer monographs, 20 
504 |a Bibliografía: p. 132-133. 
500 |a Incluye índice. 
020 |a 0444195645 (American Elsevier) 
100 1 |a Bacon, Michael David. 
700 1 |a Bull, Gordon M. 
650 0 |a Data transmission systems. 
010 |a  72012418  
040 |a DLC  |c DLC  |d DLC 
859 |h 94  |i B128  |p A-4104  |b BIB. MATEMATICA